Multiple Choice City Quiz – Gothenburg - Statistics

General Stats
  • This quiz has been taken 370 times
    191 since last reset
  • The average score is 7 of 10
Answer Stats
Question Answer % Correct
What is Gothenburg’s Swedish name? Göteborg
91%
Gothenburg is home to Sweden’s biggest… Port
77%
Who was responsible for the consecutive sieges of Gothenburg in the 17th century? Denmark-Norway
76%
Which car brand was founded in Gothenburg? Volvo
75%
Which of this picture has NOT been taken in Gothenburg?
58%
What is “Feskekörka” in Gothenburg? A market
56%
Which famous amusement park is located in Gothenburg? Liseberg
56%
In which county is Gothenburg located? Västra Götaland
56%
During the Thirty Years’ War, which nationality was especially favoured in Gothenburg for immigration and trade? Dutch
55%
Which of them was born in Gothenburg? PewDiePie
52%
No matching quizzes found
Score Distribution
Percent of People with Each Score
Percentile by Number Answered
Your Score History
You have not taken this quiz since the last reset